Chemical quality of water of Georgia streams, 1957-58; (Record no. 29571)
[ view plain ]
| 000 -LEADER | |
|---|---|
| fixed length control field | 01077cam a22002891 4500 |
| 001 - CONTROL NUMBER | |
| control field | gs 61000269 |
| 003 - CONTROL NUMBER IDENTIFIER | |
| control field | DLC |
| 005 - DATE AND TIME OF LATEST TRANSACTION | |
| control field | 20260227111410.0 |
| 008 - FIXED-LENGTH DATA ELEMENTS--GENERAL INFORMATION | |
| fixed length control field | 770126s1961 gauab b z000 0 eng |
| 010 ## - LIBRARY OF CONGRESS CONTROL NUMBER | |
| LC control number | gs 61000269 |
| 035 ## - SYSTEM CONTROL NUMBER | |
| System control number | (OCoLC)2701978 |
| 040 ## - CATALOGING SOURCE | |
| Original cataloging agency | DLC |
| Transcribing agency | OT |
| Modifying agency | OCoLC |
| -- | DLC |
| 042 ## - AUTHENTICATION CODE | |
| Authentication code | premarc |
| 050 00 - LIBRARY OF CONGRESS CALL NUMBER | |
| Classification number | QE101 |
| Item number | .A12 no. 69 |
| 100 1# - MAIN ENTRY--PERSONAL NAME | |
| Personal name | Cherry, R. N. |
| Fuller form of name | (Rodney N.), |
| Dates associated with a name | 1928- |
| 245 10 - TITLE STATEMENT | |
| Title | Chemical quality of water of Georgia streams, 1957-58; |
| Remainder of title | a reconnaissance study. |
| 260 ## - PUBLICATION, DISTRIBUTION, ETC. | |
| Place of publication, distribution, etc. | Atlanta, |
| Date of publication, distribution, etc. | 1961. |
| 300 ## - PHYSICAL DESCRIPTION | |
| Extent | v, 100 p. |
| Other physical details | maps, diagrs., tables. |
| Dimensions | 23 cm. |
| 490 1# - SERIES STATEMENT | |
| Series statement | Georgia. Dept. of Mines, Mining, and Geology. Bulletin |
| Volume/sequential designation | no. 69 |
| 500 ## - GENERAL NOTE | |
| General note | At head of title: The Geological Survey. |
| 500 ## - GENERAL NOTE | |
| General note | Prepared by the United States Geological Survey in cooperation with Georgia Dept. of Mines, Mining and Geology. |
| 504 ## - BIBLIOGRAPHY, ETC. NOTE | |
| Bibliography, etc. note | Bibliography: p. 78-79. |
| 650 #0 - SUBJECT ADDED ENTRY--TOPICAL TERM | |
| Topical term or geographic name entry element | Water-supply |
| Geographic subdivision | Georgia. |
| 650 #0 - SUBJECT ADDED ENTRY--TOPICAL TERM | |
| Topical term or geographic name entry element | Water |
| General subdivision | Composition. |
| 710 2# - ADDED ENTRY--CORPORATE NAME | |
| Corporate name or jurisdiction name as entry element | Geological Survey (U.S.) |
| 810 10 - SERIES ADDED ENTRY--CORPORATE NAME | |
| Corporate name or jurisdiction name as entry element | Georgia. |
| Subordinate unit | Department of Mines, Mining, and Geology. |
| Title of a work | Bulletin |
| Volume/sequential designation | no. 69. |
No items available.